| 000 | 00952njm a2200289Ia 4500 | ||
|---|---|---|---|
| 001 | 26686 | ||
| 003 | IT-RoPAU | ||
| 005 | 20220918181127.0 | ||
| 008 | 131025s9999 xx 000 0 und d | ||
| 040 | _aIT-RoPAU | ||
| 040 | _cIT-RoPAU | ||
| 999 |
_c100297 _d100297 |
||
| 999 | _bNO | ||
| 100 |
_aBoulez Pierre _91432 |
||
| 100 |
_eAutore musica _916292 |
||
| 100 |
_gCodice autore musica SPICS: 8911 _91434 |
||
| 245 | _aRepons per sei solisti, orchestra da camera, suoni computerizzati e suoni elettronici dal vivo | ||
| 250 | _aa ed. | ||
| 260 | _aROMA | ||
| 260 |
_bSPICS RECORDS _c1985 [1a Ed.:1985 - Ed. Lingua Orig.: 1981] |
||
| 300 | _aMUSICASSETTA | ||
| 300 | _c57 minuti (Testo: pag.) | ||
| 500 | _aMusica strumentale | ||
| 505 | _aSuoni computerizzati e suoni elettronici dal vivo | ||
| 650 |
_aSTRUMENTALE [CASSETTE] _eCodice MATERIA SPICS: 9951 _91218 |
||
| 700 |
_aBoulez Pierre _gCodice interprete SPICS: 8911 _eInterprete _916293 |
||
| 942 |
_cMC _2ddc |
||